Language Quiz

Random Language or Animal Quiz

Māori Animal Names Quiz Stats

 Plays Quiz not verified by Sporcle

Score 0/16 Timer 05:00
0 Plays Today
% Correct
Kau
72.2%
Heihei
69.4%
Rāpeti
65.3%
Poaka
56%
Kāmera
53.7%
Ika
44.9%
Kurī
44%
Hipi
43.5%
% Correct
Arewhana
43.5%
Hōiho
42.1%
Ngeru
41.7%
Pūngāwerewere
38.4%
Pūrerehua
38.4%
Manu
38%
Kiore
36.1%
Poraka
22.7%

You're not logged in!

Compare scores with friends on all Sporcle quizzes.
OR
Log In

Sporcle TV

Today on Sporcle TV


Watch our educational content, quiz creation guides, and fun videos on Sporcle TV.

Show Comments

Extras

Top Quizzes Today


Score Distribution

Your Account Isn't Verified!

In order to create a playlist on Sporcle, you need to verify the email address you used during registration. Go to your Sporcle Settings to finish the process.

Report this User

Report this user for behavior that violates our Community Guidelines.

Details: